000 00614nam a2200217 a 4500
001 BRCA_6743
005 20190320205556.0
008 211011s1945----mx-#######---#000-0#spa-#
041 _aspa
044 _amx
050 4 _aPQ7297
_b.D55 P6
_c1945
245 1 0 _aPoesías completas
_cSalvador Díaz Mirón; edición y prólogo de Antonio Castro Leal.
260 _aMéxico
_bPorrúa
_c1945
300 _a369 p.
_c19 cm.
440 0 _aEscritores mexicanos
_v12
_916838
500 _aI113
651 4 _aLiteratura mexicana
_916839
700 1 _aCastro Leal, Antonio
_eEditor
_916840
902 _aGFM
942 _2lcc
_cB
999 _c6426
_d6426